[Event "Êîìàíäíîå ïåð-âî ÐÔ 2012 ã. ïî êëàññè÷åñêèì øàõìàòàì "]
[Site "Ðûáèíñê"]
[Date "2012.08.08"]
[Round "7.131"]
[White "Çóáêîâ Âñåâîëîä "]
[Black "Ïîëîñèí Åâãåíèé "]
[Result "0-1"]
[WhiteElo "1928"]
[BlackElo "2065"]
[Annotator ""]
[Source ""]
[Remark ""]

1.e4 e5 2.Nf3 d6 3.d4 Nd7 4.Nc3 c6 5.a4 Be7 6.Bc4 h6 7.O-O Ngf6
8.Qe2 Qc7 9.Rd1 g5 10.b4 Nf8 11.d5 Ng6 12.dxc6 bxc6 13.b5 Bd7
14.bxc6 Bxc6 15.g3 O-O 16.Nd5 Nxd5 17.Bxd5 Rac8 18.c4 Bxd5 19.cxd5
f5 20.exf5 Rxf5 21.Nd2 Qc2 22.Ba3 Rcf8 23.Qe4 Qc7 24.Qd3 Kg7
25.Ne4 Rf3 26.Qa6 Qc2 27.Re1 Rxf2 28.Nxf2 Rxf2 29.Qf1 Rxf1+ 30.Rxf1
Qxa4 31.Rf3 Qd4+ 0-1

[Event "Êîìàíäíîå ïåð-âî ÐÔ 2012 ã. ïî êëàññè÷åñêèì øàõìàòàì "]
[Site "Ðûáèíñê"]
[Date "2012.08.08"]
[Round "7.132"]
[White "Õàæèïîâ Òèìóð "]
[Black "Ìåëüíèêîâ Ïåòð "]
[Result "1/2-1/2"]
[WhiteElo "2107"]
[BlackElo "1878"]
[Annotator ""]
[Source ""]
[Remark ""]

1.e4 e6 2.d4 d5 3.exd5 exd5 4.Bd3 Nf6 5.Nf3 Bd6 6.O-O O-O 7.h3
h6 8.Nc3 Bd7 9.Be3 c6 10.Qd2 Re8 11.Rfe1 Ne4 12.Bxe4 dxe4 13.Ne5
Bf5 14.Bf4 Bxe5 15.Bxe5 Rxe5 16.Qf4 Qxd4 17.Rad1 Qc5 18.Rd8+
Kh7 19.Nxe4 Qe7 20.Qxe5 Qxe5 21.Ng5+ hxg5 22.Rxe5 Be6 23.Rxg5
g6 24.Re5 Nd7 25.Rxa8 Nxe5 26.Rxa7 b5 27.b3 b4 28.Rb7 c5 29.Rc7
Nd7 30.Kf1 Kg7 31.Ke2 Kf6 32.c3 Ke5 33.cxb4 Kd6 34.Ra7 cxb4 35.Ke3
Kc5 36.Rc7+ Kb6 37.Rc1 Nf6 38.Kd4 Nd5 39.Rc4 Ka6 40.Kc5 Ka5 41.a3
Nc7 42.axb4+ Ka6 43.Rc1 Kb7 44.b5 Bxb3 45.g3 Ba4 46.Kb4 Bxb5
47.Rxc7+ Kxc7 48.Kxb5 Kd6 49.Kc4 Ke5 50.f3 g5 51.Kc5 f5 52.Kc4
g4 53.fxg4 fxg4 54.h4 Ke4 55.Kc3 Ke5 56.Kb4 Kd4 57.Ka5 Ke5 58.Ka6
Ke6 59.Kb7 Kd7 60.h5 Ke6 61.Kc6 Kf5 62.Kd5 Kg5 63.Ke5 Kxh5 64.Kf5
Kh6 65.Kxg4 Kg6 66.Kf4 Kf6 67.g4 Kg6 68.g5 Kg7 69.Kf5 Kf7 70.g6+
Kg7 71.Kg5 Kg8 72.Kf6 Kf8 73.Kf5 Kg7 74.Kg5 Kg8 75.Kf6 Kf8 76.g7+
Kg8 77.Kg6 1/2-1/2

[Event "Êîìàíäíîå ïåð-âî ÐÔ 2012 ã. ïî êëàññè÷åñêèì øàõìàòàì "]
[Site "Ðûáèíñê"]
[Date "2012.08.08"]
[Round "7.133"]
[White "Õîðñóí Âñåâîëîä "]
[Black "Ïàíîâ Ìàêñèì "]
[Result "1-0"]
[WhiteElo "1882"]
[BlackElo "2091"]
[Annotator ""]
[Source ""]
[Remark ""]

1.e4 c5 2.Nf3 d6 3.d4 cxd4 4.Nxd4 Nf6 5.Nc3 g6 6.Be3 Bg7 7.f3
O-O 8.Qd2 Nc6 9.Bc4 Bd7 10.O-O-O Rc8 11.Bb3 Ne5 12.h4 h5 13.Bh6
Bxh6 14.Qxh6 Rxc3 15.bxc3 Qc7 16.Kb1 a5 17.a3 a4 18.Ba2 Ra8 19.Qe3
Ra5 20.c4 Rc5 21.Rd2 Nxc4 22.Bxc4 Rxc4 23.Rhd1 Qc5 24.Rd3 Bb5
25.Nxb5 Qxb5+ 26.Kc1 Rc6 27.Rc3 Kg7 28.Rxc6 Qxc6 29.e5 dxe5 30.Qxe5
b5 31.Qxe7 Qc3 32.Rd8 Qa1+ 33.Kd2 Ng8 34.Qf8+ Kf6 35.Qxg8 Qxa3
36.Qh8+ Kf5 37.Rd5+ Kf4 1-0

[Event "Êîìàíäíîå ïåð-âî ÐÔ 2012 ã. ïî êëàññè÷åñêèì øàõìàòàì "]
[Site "Ðûáèíñê"]
[Date "2012.08.08"]
[Round "7.134"]
[White "Õàôèçîâà ßíà "]
[Black "Âëàñîâà Äàðüÿ "]
[Result "0-1"]
[WhiteElo "1920"]
[BlackElo "1878"]
[Annotator ""]
[Source ""]
[Remark ""]

1.d4 d5 2.c4 e6 3.Nc3 Be7 4.Nf3 Nf6 5.Bg5 h6 6.Bh4 O-O 7.e3 b6
8.cxd5 Nxd5 9.Bxe7 Qxe7 10.Bc4 Bb7 11.O-O Nd7 12.Rc1 Rfd8 13.Nxd5
exd5 14.Bb3 Nf6 15.Ne5 c5 16.Re1 Rac8 17.Bc2 Rc7 18.h3 Qe6 19.Qf3
Ne4 20.Ba4 Rdc8 21.Qf4 a6 22.dxc5 Nxc5 23.Bc2 f6 24.Bf5 Qxe5
25.Qxe5 fxe5 26.Bxc8 Rxc8 27.Red1 Rc7 28.g3 Kf7 29.b4 Ne6 30.Rxc7+
Nxc7 31.f4 e4 32.Rc1 Ne8 33.g4 Ke6 34.h4 Kd6 35.Kf2 Bc6 36.Kg3
Bd7 37.Rc3 Nf6 38.g5 Ng8 39.h5 Ne7 40.Rc2 Nf5+ 41.Kf2 Ne7 42.Kg3
Be8 43.Kg4 Bd7+ 44.Kg3 Nf5+ 45.Kf2 d4 46.exd4 e3+ 47.Ke1 Nxd4
48.Rc3 Bb5 49.a4 Nf3+ 50.Kd1 e2+ 0-1

[Event "Êîìàíäíîå ïåð-âî ÐÔ 2012 ã. ïî êëàññè÷åñêèì øàõìàòàì "]
[Site "Ðûáèíñê"]
[Date "2012.08.08"]
[Round "7.142"]
[White "Ìîðîçîâ Åãîð "]
[Black "Þìøàíîâ Ëåîíèä "]
[Result "1-0"]
[WhiteElo "2116"]
[BlackElo "1715"]
[Annotator ""]
[Source ""]
[Remark ""]

1.e4 c5 2.Nf3 Nc6 3.c4 e6 4.Nc3 Be7 5.d4 cxd4 6.Nxd4 a6 7.Be3
Qc7 8.Qd2 Nf6 9.f3 b6 10.Be2 Bb7 11.Nc2 d6 12.O-O h5 13.Rfd1
Ne5 14.b3 Rd8 15.Na4 Ned7 16.Rac1 Nc5 17.Nb2 O-O 18.Qe1 Rc8 19.Qf2
a5 20.Nd4 Bc6 21.a3 Rfd8 22.b4 axb4 23.axb4 Ncd7 24.Nb5 Qb8 25.Na4
Bxb5 26.cxb5 d5 27.Rc6 Bxb4 28.Nxb6 Rxc6 29.Nxd7 Rxd7 30.bxc6
Rd8 31.Rb1 Qd6 32.e5 Qxe5 33.Rxb4 Rc8 34.Bf4 Qa1+ 35.Qf1 Qxf1+
36.Kxf1 Rxc6 37.Rb8+ Kh7 38.Bd3+ g6 39.Be5 Kg7 40.g4 hxg4 41.fxg4 1-0

[Event "Êîìàíäíîå ïåð-âî ÐÔ 2012 ã. ïî êëàññè÷åñêèì øàõìàòàì "]
[Site "Ðûáèíñê"]
[Date "2012.08.08"]
[Round "7.143"]
[White "Êîïåíêèí Êèðèëë "]
[Black "Ñåäûõ Åãîð "]
[Result "1-0"]
[WhiteElo "2015"]
[BlackElo "1847"]
[Annotator ""]
[Source ""]
[Remark ""]

1.e4 c5 2.Nf3 d6 3.d4 cxd4 4.Nxd4 Nf6 5.Nc3 g6 6.f3 Bg7 7.Be3
O-O 8.Qd2 Nc6 9.O-O-O Bd7 10.h4 Rc8 11.Nxc6 Bxc6 12.h5 Bd7 13.hxg6
fxg6 14.Bh6 Rf7 15.Bxg7 Rxg7 16.g4 Rc5 17.g5 Nh5 18.Bc4+ Kf8
19.Bb3 Qc8 20.f4 Ng3 21.Rh2 Be6 22.Bxe6 Qxe6 23.Qe3 Nh5 24.Nd5
Rf7 25.Qd4 Ke8 26.Qxc5 1-0

[Event "Êîìàíäíîå ïåð-âî ÐÔ 2012 ã. ïî êëàññè÷åñêèì øàõìàòàì "]
[Site "Ðûáèíñê"]
[Date "2012.08.08"]
[Round "7.151"]
[White "Ãåíêåëü Äìèòðèé "]
[Black "Êèòàåâ Èëüÿ "]
[Result "1/2-1/2"]
[WhiteElo "1941"]
[BlackElo "1947"]
[Annotator ""]
[Source ""]
[Remark ""]

1.e4 e6 2.d4 d5 3.e5 c5 4.c3 Qb6 5.Nf3 Nc6 6.Be2 cxd4 7.cxd4
Nh6 8.Nc3 Nf5 9.Na4 Qa5+ 10.Kf1 Be7 11.a3 O-O 12.b4 Qc7 13.g4
Nh4 14.Nxh4 Bxh4 15.g5 f6 16.gxf6 gxf6 17.Bh6 Rf7 18.Bh5 Bg5
19.Bxf7+ Qxf7 20.Rg1 Kh8 21.Bxg5 fxg5 22.Rxg5 Bd7 23.Nc5 Rf8
24.Ra2 Bc8 25.Qg4 b6 26.b5 Nxd4 27.Qxd4 bxc5 28.Qxc5 d4 29.Qxd4
Bb7 30.Rd2 Qf3 31.Qd7 Qh1+ 32.Ke2 Qe4+ 33.Kf1 Qh1+ 34.Ke2 Qe4+
35.Kf1 Qh1+ 1/2-1/2

[Event "Êîìàíäíîå ïåð-âî ÐÔ 2012 ã. ïî êëàññè÷åñêèì øàõìàòàì "]
[Site "Ðûáèíñê"]
[Date "2012.08.08"]
[Round "7.152"]
[White "Âàñèëüåâ Àðêàäèé "]
[Black "Ðèâîíåíêî Âëàäèñëàâ "]
[Result "0-1"]
[WhiteElo "1908"]
[BlackElo "1992"]
[Annotator ""]
[Source ""]
[Remark ""]

1.e4 c5 2.Nf3 Nc6 3.Nc3 g6 4.d4 cxd4 5.Nxd4 Bg7 6.Nb3 Nf6 7.Be3
d6 8.Be2 O-O 9.O-O a6 10.f4 b5 11.Bf3 Bb7 12.Nd5 Nxd5 13.exd5
Na5 14.Nxa5 Qxa5 15.Bd4 Qb4 16.Bxg7 Kxg7 17.Re1 Rfe8 18.f5 Qxb2
19.fxg6 hxg6 20.Qd3 Rac8 21.Rac1 Qc3 22.Qd1 Rc4 23.Re4 Rxe4 24.Bxe4
Qe3+ 25.Kh1 0-1

[Event "Êîìàíäíîå ïåð-âî ÐÔ 2012 ã. ïî êëàññè÷åñêèì øàõìàòàì "]
[Site "Ðûáèíñê"]
[Date "2012.08.08"]
[Round "7.153"]
[White "Ãàëèøíèêîâ Þðèé "]
[Black "Ãèíîñÿí Ðàçìèê "]
[Result "0-1"]
[WhiteElo "1889"]
[BlackElo "1976"]
[Annotator ""]
[Source ""]
[Remark ""]

1.e4 d6 2.d4 g6 3.Nc3 Bg7 4.Be3 a6 5.Qd2 b5 6.Bd3 Bb7 7.a3 Nf6
8.Nf3 Ng4 9.Bg5 h6 10.Bh4 O-O 11.O-O c5 12.d5 Nd7 13.h3 Ngf6
14.Rfe1 c4 15.Bf1 Re8 16.Nd4 Qb6 17.Rad1 Nc5 18.f4 e5 19.dxe6
fxe6 20.e5 Nfe4 21.Qe3 dxe5 22.fxe5 g5 23.Bg3 Nxg3 24.Qxg3 Rad8
25.Kh1 Nd7 26.a4 Nxe5 27.Rxe5 Rxd4 28.Ree1 Rxd1 29.Nxd1 Bd5 30.Ne3
Rf8 31.axb5 axb5 32.Ng4 Qd4 33.b3 Qc3 34.Ne3 Be5 0-1

[Event "Êîìàíäíîå ïåð-âî ÐÔ 2012 ã. ïî êëàññè÷åñêèì øàõìàòàì "]
[Site "Ðûáèíñê"]
[Date "2012.08.08"]
[Round "7.154"]
[White "Ìèêàèëîâà Ìèëàíà "]
[Black "Ïðàíèçèíà Àëèíà "]
[Result "1-0"]
[WhiteElo "1753"]
[BlackElo "1646"]
[Annotator ""]
[Source ""]
[Remark ""]

1.e4 e5 2.Nf3 Nc6 3.d4 exd4 4.Nxd4 Nf6 5.Nxc6 bxc6 6.Bd3 d6 7.O-O
Be7 8.Nc3 O-O 9.b3 Ng4 10.Bb2 Bf6 11.Be2 Ne5 12.f4 Nd7 13.Bf3
Rb8 14.Qd2 Nc5 15.Rad1 Qe7 16.Rfe1 Re8 17.Ba3 Bxc3 18.Qxc3 Ba6
19.e5 Qf8 20.Bxc6 Rec8 21.Bxc5 dxc5 22.Rd7 Rb6 23.Bd5 c4 24.Bxf7+
Kh8 25.e6 Qc5+ 26.Qd4 Qxd4+ 27.Rxd4 Rbb8 28.bxc4 g6 29.e7 Kg7
30.e8Q Rxe8 31.Bxe8 1-0

[Event "Êîìàíäíîå ïåð-âî ÐÔ 2012 ã. ïî êëàññè÷åñêèì øàõìàòàì "]
[Site "Ðûáèíñê"]
[Date "2012.08.08"]
[Round "7.161"]
[White "Êðîëü Äìèòðèé "]
[Black "Ìàëûøåâ Ãðèãîðèé "]
[Result "1-0"]
[WhiteElo "1790"]
[BlackElo "2003"]
[Annotator ""]
[Source ""]
[Remark ""]

1.e4 e6 2.d4 d5 3.e5 c5 4.c3 Qb6 5.Nf3 Nc6 6.a3 Bd7 7.Be2 cxd4
8.cxd4 Nge7 9.Nc3 Nf5 10.Na4 Qc7 11.O-O Be7 12.b4 O-O 13.Bb2
Rfc8 14.Rc1 Qd8 15.Qb3 f6 16.Bd3 Nh6 17.Nc5 Rab8 18.exf6 Bxf6
19.Rfe1 Qe7 20.Re2 Qd6 21.Rce1 Re8 22.g3 Nf7 23.b5 Na5 24.Qb4
b6 25.Nxe6 Rxe6 26.Rxe6 Bxe6 27.Qxd6 Nxd6 28.Rxe6 Ndc4 29.Bc3
Nxa3 30.Rd6 Rd8 31.Bxa5 bxa5 32.Ra6 Nc4 33.Rxa7 Rb8 34.Bxc4 dxc4
35.Rxa5 Kf7 36.Ra4 Rxb5 37.Rxc4 Ke6 38.Rc7 Kd5 39.Ne5 Kxd4 40.Ng4
Ke4 41.Nxf6+ gxf6 42.Rf7 Rb6 1-0

[Event "Êîìàíäíîå ïåð-âî ÐÔ 2012 ã. ïî êëàññè÷åñêèì øàõìàòàì "]
[Site "Ðûáèíñê"]
[Date "2012.08.08"]
[Round "7.162"]
[White "Àãàôîíöåâà Ñîôüÿ "]
[Black "Äóãèí Àíäðåé "]
[Result "0-1"]
[WhiteElo "1618"]
[BlackElo "1793"]
[Annotator ""]
[Source ""]
[Remark ""]

1.Nf3 Nf6 2.d4 g6 3.Nbd2 Bg7 4.e4 d6 5.b3 O-O 6.Bb2 c5 7.c3 b6
8.Bd3 Bb7 9.O-O e6 10.Re1 Nh5 11.Nc4 b5 12.Ne3 a6 13.Bc2 f5 14.d5
f4 15.Nf1 e5 16.g4 Nf6 17.h3 Bc8 18.a4 h5 19.gxh5 Nxh5 20.axb5
Bxh3 21.Kh2 Bg4 22.N1d2 Bxf3 23.Nxf3 Kf7 24.Rg1 Rh8 25.Kg2 g5
26.Kf1 Bf6 27.Ke2 Qd7 28.Nxg5+ Bxg5 29.Rxg5 Qh3 30.Rf5+ Nf6 31.Qg1
Nbd7 32.bxa6 Rag8 33.Qf1 Qg4+ 34.Kd2 Rh2 35.Re1 Qf3 36.Qd3 Rxf2+
37.Re2 Rxe2+ 38.Qxe2 Rg2 39.Bd3 Qe3+ 40.Kd1 Rxe2 41.Bxe2 Qg1+
42.Kc2 Qg2 43.Kd3 c4+ 44.bxc4 Nc5+ 45.Kd2 Ncxe4+ 46.Ke1 Qg1+
47.Bf1 Qe3+ 48.Be2 Nxc3 49.Bxc3 Qxc3+ 50.Kf2 Qe3+ 51.Kf1 Kg6 0-1

[Event "Êîìàíäíîå ïåð-âî ÐÔ 2012 ã. ïî êëàññè÷åñêèì øàõìàòàì "]
[Site "Ðûáèíñê"]
[Date "2012.08.08"]
[Round "7.164"]
[White "Ìàíäðûêèíà Çîÿ "]
[Black "Áîðèñîâà Ïîëèíà "]
[Result "1-0"]
[WhiteElo "1742"]
[BlackElo "1561"]
[Annotator ""]
[Source ""]
[Remark ""]

1.d4 d5 2.c4 e6 3.Nc3 Nf6 4.cxd5 exd5 5.Bg5 Bb4 6.e3 O-O 7.Bd3
Be6 8.Nge2 Nbd7 9.O-O c6 10.Rc1 a6 11.f3 h6 12.Bh4 Qe8 13.Bb1
Nh7 14.e4 f5 15.exd5 cxd5 16.Qb3 Bxc3 17.Nxc3 Qh5 18.Bf2 b5 19.Rfe1
Bf7 20.a4 bxa4 21.Nxa4 Rab8 22.Qd3 Nb6 23.Nc5 Bg6 24.Qxa6 f4
25.Re6 Bxb1 26.Rxb1 Rf6 27.Rbe1 Rxe6 28.Rxe6 Nc4 29.b3 Nf8 30.Re1
Nb6 31.Qa7 1-0

[Event "Êîìàíäíîå ïåð-âî ÐÔ 2012 ã. ïî êëàññè÷åñêèì øàõìàòàì "]
[Site "Ðûáèíñê"]
[Date "2012.08.08"]
[Round "7.171"]
[White "Ïåòðîâ Àíòîí "]
[Black "Ñïèðèäîíîâ Åâãåíèé "]
[Result "1/2-1/2"]
[WhiteElo "1627"]
[BlackElo "1911"]
[Annotator ""]
[Source ""]
[Remark ""]

1.e4 c6 2.d4 d5 3.exd5 cxd5 4.Bd3 Nf6 5.Nf3 e6 6.c3 h6 7.Bf4
Nc6 8.Nbd2 Bd6 9.Bxd6 Qxd6 10.O-O O-O 11.Re1 a6 12.Ne5 b5 13.Nxc6
Qxc6 14.Nf3 Bb7 15.Ne5 Qd6 16.a3 Rac8 17.Bc2 a5 18.Qd3 b4 19.Ng4
Rfd8 20.Nxf6+ gxf6 21.cxb4 axb4 22.Qh7+ Kf8 23.Bg6 Rc7 24.Qxh6+
Ke7 25.Qg7 Rf8 26.h3 Qf4 27.Rxe6+ Kxe6 28.Re1+ Kd7 29.Qxf8 Rc1
30.Qe7+ Kc6 31.Bxf7 Qd2 32.Qxf6+ Kc7 33.Qe7+ Kb8 34.Rxc1 Qxc1+
35.Kh2 Qf4+ 36.Kg1 Qc1+ 37.Kh2 Qf4+ 38.Kg1 Qc1+ 39.Kh2 1/2-1/2

[Event "Êîìàíäíîå ïåð-âî ÐÔ 2012 ã. ïî êëàññè÷åñêèì øàõìàòàì "]
[Site "Ðûáèíñê"]
[Date "2012.08.08"]
[Round "7.181"]
[White "Àâàêÿí Àðìåí "]
[Black "Âåêëè÷ Èãîðü "]
[Result "1/2-1/2"]
[WhiteElo "1815"]
[BlackElo "1783"]
[Annotator ""]
[Source ""]
[Remark ""]

1.e4 e5 2.Nf3 Nc6 3.Bb5 a6 4.Ba4 Nf6 5.O-O b5 6.Bb3 Bc5 7.d3
h6 8.c3 d6 9.h3 O-O 10.Re1 Re8 11.Nbd2 Bb6 12.Nf1 Ne7 13.Ng3
Ng6 14.d4 Bb7 15.Bc2 Nf4 16.d5 N6h5 17.Nf5 Bc8 18.Ne3 Bd7 19.Nh2
Qg5 20.Neg4 Ng3 21.Be3 Bxe3 22.Rxe3 Ngh5 23.Qf1 Rf8 24.g3 Ng6
25.Bd1 f5 26.exf5 Bxf5 27.h4 Qe7 28.Nxh6+ gxh6 29.Bxh5 Rf6 30.Rf3
Raf8 31.Bxg6 Rxg6 32.Qg2 Qg7 33.Nf1 Kh7 34.Re1 Qd7 35.Rfe3 Rfg8
36.Nd2 Qd8 37.Qh2 Qa8 38.Qg2 Qd8 39.Qh2 Qa8 40.Qg2 1/2-1/2

[Event "Êîìàíäíîå ïåð-âî ÐÔ 2012 ã. ïî êëàññè÷åñêèì øàõìàòàì "]
[Site "Ðûáèíñê"]
[Date "2012.08.09"]
[Round "8.11"]
[White "Þôôà Äàíèèë "]
[Black "Ìàõìóòîâ Ðàèëü "]
[Result "1-0"]
[WhiteElo "2354"]
[BlackElo "2391"]
[Annotator ""]
[Source ""]
[Remark ""]

1.c4 e5 2.g3 Nc6 3.Bg2 f5 4.Nc3 Nf6 5.d3 Bb4 6.Nf3 Bxc3+ 7.bxc3
O-O 8.O-O d6 9.Rb1 Qe8 10.Ne1 b6 11.f4 e4 12.Nc2 Bb7 13.Be3 Rb8
14.Qd2 Bc8 15.Bd4 Nxd4 16.cxd4 c5 17.Qc3 Bd7 18.Rfe1 Qh5 19.dxe4
fxe4 20.dxc5 Qxc5+ 21.Qd4 Ba4 22.Qxc5 dxc5 23.Ne3 Rbd8 24.Rb2
Rd4 25.Bh3 Rfd8 26.Be6+ Kf8 27.g4 Bd7 28.Bxd7 R8xd7 29.Rc1 Ne8
30.Kf2 Nd6 31.Kg3 g6 32.h4 h5 33.a4 Rf7 34.g5 Ke7 35.a5 bxa5
36.Ra2 Nb7 37.f5 gxf5 38.Kf4 Kf8 39.Rg1 Kg8 40.g6 Rf8 41.Nd5
Kg7 42.e3 Rxc4 43.Ne7 Nd6 44.Rd2 Ne8 45.Nxf5+ Kg8 46.g7 Rf6 47.Rd8
Re6 48.Nh6+ 1-0

[Event "Êîìàíäíîå ïåð-âî ÐÔ 2012 ã. ïî êëàññè÷åñêèì øàõìàòàì "]
[Site "Ðûáèíñê"]
[Date "2012.08.09"]
[Round "8.12"]
[White "Ôàéçðàõìàíîâ Ðàìèëü "]
[Black "Êîòëÿð Êèðèëë "]
[Result "1/2-1/2"]
[WhiteElo "2291"]
[BlackElo "2292"]
[Annotator ""]
[Source ""]
[Remark ""]

1.d4 Nf6 2.c4 g6 3.Nc3 d5 4.cxd5 Nxd5 5.Bd2 Bg7 6.e4 Nxc3 7.Bxc3
c5 8.d5 Bxc3+ 9.bxc3 O-O 10.Nf3 Bg4 11.Be2 Bxf3 12.Bxf3 Qd6 13.O-O
e5 14.dxe6 Qxe6 15.Qb3 Qxb3 16.axb3 Nc6 17.e5 Nxe5 18.Bxb7 Rab8
19.Bd5 Rfd8 20.Rfd1 Rd7 21.h3 Rbd8 22.c4 Nc6 23.Ra4 Nb4 24.Rda1
Nxd5 25.cxd5 Rxd5 26.Rxa7 Rd1+ 27.Rxd1 Rxd1+ 28.Kh2 Rd3 29.Rc7
Rxb3 30.Rxc5 Rb2 31.f3 Kg7 32.h4 Kh6 33.Kg3 Rb4 34.Ra5 Rd4 35.Rc5
Rb4 36.Ra5 Rd4 37.Rc5 Rb4 1/2-1/2

[Event "Êîìàíäíîå ïåð-âî ÐÔ 2012 ã. ïî êëàññè÷åñêèì øàõìàòàì "]
[Site "Ðûáèíñê"]
[Date "2012.08.09"]
[Round "8.13"]
[White "Ïîïîâ Ìèõàèë "]
[Black "Ñàäûêîâ Ðàìèëü "]
[Result "1-0"]
[WhiteElo "2186"]
[BlackElo "2258"]
[Annotator ""]
[Source ""]
[Remark ""]

1.c4 Nf6 2.g3 c5 3.Bg2 Nc6 4.Nc3 g6 5.d3 Bg7 6.e4 d6 7.Nge2 O-O
8.O-O Nd4 9.h3 Nd7 10.Be3 Nb8 11.Qc1 Nbc6 12.Bh6 Rb8 13.Bxg7
Kxg7 14.Kh2 e5 15.f4 f6 16.Qd2 Be6 17.Nxd4 Nxd4 18.Ne2 Nxe2 19.Qxe2
b5 20.b3 Qd7 21.Rf2 a5 22.Raf1 g5 23.fxg5 fxg5 24.Qd2 h6 25.Rxf8
Rxf8 26.Rxf8 Kxf8 27.Qxa5 b4 28.Qa8+ Qc8 29.Qa7 Bd7 30.Bf3 Ke8
31.Bg2 Kd8 32.a3 Qc7 33.Qa8+ Qc8 34.Qxc8+ Kxc8 35.axb4 cxb4 36.Bf1
Ba4 37.bxa4 1-0

[Event "Êîìàíäíîå ïåð-âî ÐÔ 2012 ã. ïî êëàññè÷åñêèì øàõìàòàì "]
[Site "Ðûáèíñê"]
[Date "2012.08.09"]
[Round "8.14"]
[White "Áåëîâà Îëüãà "]
[Black "Ñàçîíîâà Àíàñòàñèÿ "]
[Result "0-1"]
[WhiteElo "2084"]
[BlackElo "1993"]
[Annotator ""]
[Source ""]
[Remark ""]

1.Nf3 Nf6 2.g3 g6 3.Bg2 Bg7 4.O-O O-O 5.c4 d6 6.d4 Nc6 7.Nc3
Bf5 8.Re1 e5 9.d5 Ne7 10.Nh4 Bd7 11.e4 Ne8 12.Qc2 h6 13.Bd2 f5
14.exf5 gxf5 15.f4 e4 16.Bh3 Nf6 17.Qb3 b6 18.Rad1 Qe8 19.Be3
Qh5 20.Bf1 Ng4 21.Be2 Bf6 22.Bxg4 Qxg4 23.Ng2 Qg7 24.Rd2 h5 25.Kh1
Kf7 26.Ne2 Rh8 27.Bd4 Ng6 28.Qc3 h4 29.Bxf6 Qxf6 30.Qxf6+ Kxf6
31.Kg1 hxg3 32.hxg3 Rh3 33.Kf2 Rah8 34.Nd4 a6 35.b4 Ne7 36.Rg1
Rg8 37.Nh4 b5 38.Nc2 bxc4 39.Ne3 Bb5 40.Ra1 Rgxg3 41.Nhg2 Rf3+
42.Kg1 Rxe3 43.Nxe3 Rxe3 44.a4 c3 45.Rh2 Bc4 46.Rh6+ Ng6 47.Kh2
Bxd5 48.Rg1 Re2+ 49.Kh3 Bf7 50.b5 axb5 51.a5 Ra2 52.Rc1 Kg7 0-1

[Event "Êîìàíäíîå ïåð-âî ÐÔ 2012 ã. ïî êëàññè÷åñêèì øàõìàòàì "]
[Site "Ðûáèíñê"]
[Date "2012.08.09"]
[Round "8.21"]
[White "Åëèñååâ Þðèé "]
[Black "Ñòóêîïèí Àíäðåé "]
[Result "1/2-1/2"]
[WhiteElo "2480"]
[BlackElo "2503"]
[Annotator ""]
[Source ""]
[Remark ""]

1.e4 c5 2.Nf3 Nc6 3.Nc3 e5 4.Bc4 Be7 5.d3 d6 6.Nd2 Nf6 7.Nf1
Nd7 8.Nd5 Nb6 9.Nxb6 axb6 10.Ne3 Bg5 11.c3 O-O 12.O-O Bxe3 13.Bxe3
Re8 14.d4 exd4 15.cxd4 Qf6 16.f3 cxd4 17.Bf2 Be6 18.Bd5 Bxd5
19.exd5 Ne7 20.Bxd4 Qg5 21.Bxb6 Nxd5 22.Bf2 Re2 23.h4 Qe5 24.Bd4
Qe6 25.Rf2 Nf4 26.Rxe2 Nxe2+ 27.Kf2 Nxd4 28.Qxd4 Rc8 29.Qd2 Ra8
30.Qd4 Rc8 31.Qd2 Ra8 32.Qd4 1/2-1/2

[Event "Êîìàíäíîå ïåð-âî ÐÔ 2012 ã. ïî êëàññè÷åñêèì øàõìàòàì "]
[Site "Ðûáèíñê"]
[Date "2012.08.09"]
[Round "8.22"]
[White "Òèëè÷ååâ Âÿ÷åñëàâ "]
[Black "Âàâóëèí Ìàêñèì "]
[Result "1-0"]
[WhiteElo "2416"]
[BlackElo "2292"]
[Annotator ""]
[Source ""]
[Remark ""]

1.c4 e5 2.Nc3 Nf6 3.g3 Bb4 4.Bg2 O-O 5.Nf3 Re8 6.O-O e4 7.Nd4
Nc6 8.Nc2 Bxc3 9.dxc3 d6 10.Ne3 h6 11.f3 Bd7 12.Qc2 exf3 13.exf3
Qc8 14.Bd2 Bh3 15.Rae1 Bxg2 16.Kxg2 Re5 17.f4 Re8 18.Nd5 Nxd5
19.Rxe8+ Qxe8 20.cxd5 Ne7 21.Re1 Qd7 22.Qe4 Qb5 23.c4 Qxb2 24.Re2
Ng6 25.h4 h5 26.f5 Ne5 27.Bf4 Qb4 28.Bxe5 dxe5 29.f6 g6 30.g4
hxg4 31.h5 Qb6 32.Qxe5 Qb1 33.hxg6 Qxg6 34.Rf2 Qh6 35.Rf5 Qd2+
36.Rf2 Qh6 37.c5 Rd8 38.d6 cxd6 39.cxd6 Rc8 40.Re2 Qh3+ 41.Kg1
Qh4 42.Qf4 Qh5 43.d7 Rf8 44.Qd6 1-0

[Event "Êîìàíäíîå ïåð-âî ÐÔ 2012 ã. ïî êëàññè÷åñêèì øàõìàòàì "]
[Site "Ðûáèíñê"]
[Date "2012.08.09"]
[Round "8.23"]
[White "Ñàâåíêîâ Êîíñòàíòèí "]
[Black "Çàñüêî Ãðèãîðèé "]
[Result "1/2-1/2"]
[WhiteElo "2162"]
[BlackElo "2120"]
[Annotator ""]
[Source ""]
[Remark ""]

1.e4 e5 2.Nf3 Nc6 3.Bc4 Nf6 4.Ng5 d5 5.exd5 Na5 6.Bb5+ c6 7.dxc6
bxc6 8.Bd3 Nd5 9.Nf3 Bd6 10.O-O O-O 11.Re1 Qc7 12.c4 Nf4 13.Bf1
Bg4 14.Nc3 f5 15.d3 e4 16.dxe4 fxe4 17.Nxe4 Nh3+ 18.gxh3 Bxh2+
19.Nxh2 Bxd1 20.Rxd1 Qe5 21.Ng3 Rad8 22.Be3 Qxb2 23.Bxa7 Rxd1
24.Rxd1 Qxa2 25.Bc5 Re8 26.Rd7 Nb3 27.Be3 Qb1 28.Rd6 c5 29.Rd5
Qe1 30.Nf3 Qc3 31.Rd3 Qxc4 32.Rd8 Qxf1+ 33.Nxf1 Rxd8 34.N1d2
Nxd2 35.Nxd2 Kf7 36.Nc4 Ke6 37.Bxc5 Rd1+ 38.Kg2 Rc1 39.Bd4 Rxc4
40.Bxg7 h5 41.Bh6 Kf5 42.Be3 h4 43.Kf3 Ra4 44.Bc5 Rf4+ 45.Kg2
Ke4 46.Be7 Kd3 47.Bg5 Ra4 48.f4 Ke4 49.Bxh4 Kxf4 50.Bg3+ Ke3
51.Bd6 Ra6 52.Bc7 Rg6+ 53.Kf1 Rf6+ 54.Kg2 Rg6+ 55.Kf1 Rc6 56.Bb8
Rc2 57.Kg1 Kf3 58.Bd6 Rd2 59.Bc7 Rd7 60.Bb8 Rg7+ 61.Kh2 Rg2+
62.Kh1 Rg8 63.Bc7 Ke2 64.Kh2 Kf2 65.Bb6+ Kf1 66.Bc7 Rg2+ 67.Kh1
Rg1+ 68.Kh2 1/2-1/2

[Event "Êîìàíäíîå ïåð-âî ÐÔ 2012 ã. ïî êëàññè÷åñêèì øàõìàòàì "]
[Site "Ðûáèíñê"]
[Date "2012.08.09"]
[Round "8.24"]
[White "Ìîðîçîâà Þëèÿ "]
[Black "Ñåâåðèíà Ìàðèÿ "]
[Result "0-1"]
[WhiteElo "1902"]
[BlackElo "2158"]
[Annotator ""]
[Source ""]
[Remark ""]

1.e4 e5 2.Nf3 Nc6 3.d4 exd4 4.Nxd4 Nf6 5.Nxc6 bxc6 6.e5 Qe7 7.Qe2
Nd5 8.c4 Nb6 9.Nc3 Bb7 10.b3 g6 11.Bb2 Bg7 12.f4 O-O-O 13.O-O-O
Rhe8 14.g3 Kb8 15.Qf2 f6 16.exf6 Bxf6 17.Bg2 d5 18.cxd5 cxd5
19.Rhe1 Qg7 20.Nb5 c5 21.Kb1 Bxb2 22.Qxb2 Qxb2+ 23.Kxb2 a6 24.Na3
d4 25.Bxb7 Kxb7 26.Kc2 Kc6 27.Kd2 a5 28.Nc2 Kd5 29.Kd3 Rb8 30.Rxe8
Rxe8 31.Rf1 Nd7 32.Re1 Rxe1 33.Nxe1 Nb8 34.Nf3 Nc6 35.Nd2 Nb4+
36.Ke2 Nxa2 37.Kd1 Nc3+ 38.Kc2 a4 39.bxa4 Nxa4 40.g4 c4 0-1

[Event "Êîìàíäíîå ïåð-âî ÐÔ 2012 ã. ïî êëàññè÷åñêèì øàõìàòàì "]
[Site "Ðûáèíñê"]
[Date "2012.08.09"]
[Round "8.31"]
[White "Ñàâèöêèé Ñåðãåé "]
[Black "Àëåêñååíêî Êèðèëë "]
[Result "0-1"]
[WhiteElo "2368"]
[BlackElo "2430"]
[Annotator ""]
[Source ""]
[Remark ""]

1.Nf3 d5 2.g3 c5 3.Bg2 Nc6 4.O-O e5 5.d3 Nf6 6.Na3 Be7 7.e4 O-O
8.c3 d4 9.Nc4 Qc7 10.cxd4 cxd4 11.a4 Nd7 12.Ne1 Nc5 13.f4 exf4
14.gxf4 f5 15.e5 Be6 16.b3 Qd7 17.Ba3 Bd5 18.b4 Bxg2 19.Nxg2
Ne6 20.b5 Ncd8 21.Nd6 Bxd6 22.exd6 b6 23.Qb3 Rc8 24.Qd5 Rc3 25.Rfc1
Qb7 26.Qxb7 Rxc1+ 27.Rxc1 Nxb7 28.Re1 Kf7 29.Nh4 Kf6 30.Nf3 Rd8
31.Ng5 Nxf4 32.Nxh7+ Kg6 33.Re7 Na5 34.d7 Kxh7 0-1

[Event "Êîìàíäíîå ïåð-âî ÐÔ 2012 ã. ïî êëàññè÷åñêèì øàõìàòàì "]
[Site "Ðûáèíñê"]
[Date "2012.08.09"]
[Round "8.32"]
[White "Óñìàíîâ Âàñèëèé "]
[Black "Ïðàíèçèí Ãåííàäèé "]
[Result "0-1"]
[WhiteElo "2333"]
[BlackElo "2153"]
[Annotator ""]
[Source ""]
[Remark ""]

1.d4 g6 2.c4 Nf6 3.Nc3 Bg7 4.e4 O-O 5.Be2 d6 6.Bg5 Na6 7.Qd2
e5 8.d5 c6 9.f3 c5 10.h4 Nc7 11.g4 a6 12.a4 Bd7 13.h5 Qb8 14.Bd3
b5 15.Qh2 h6 16.Bxf6 Bxf6 17.hxg6 fxg6 18.Qxh6 Kf7 19.Qh7+ Bg7
20.Rh6 Ne8 21.cxb5 c4 22.Bxc4 Qb6 23.Nge2 Qe3 24.Qxg6+ Ke7 25.Rh7
Rf6 26.Qh5 axb5 27.Nxb5 Qxf3 28.g5 Qf2+ 29.Kd2 Rf3 30.Nbc3 Qe3+
31.Kc2 Rc8 32.b3 Rxc4 33.bxc4 Qd3+ 34.Kb2 Qd2+ 35.Kb3 Qxe2 36.Qh4
Qe3 37.g6+ Kf8 38.Qe1 Qb6+ 39.Ka3 Qc5+ 40.Kb3 Qb6+ 41.Ka3 Qc5+
42.Kb3 Nf6 43.Rh4 Re3 44.Qc1 Bg4 45.Qb2 Nxe4 46.Rc1 Nxc3 47.Rxc3
Qb6+ 48.Ka2 Qxb2+ 49.Kxb2 e4 50.Rxg4 Rxc3 51.Rf4+ Kg8 52.Rf7
Rf3+ 53.Kc2 Rxf7 54.gxf7+ Kxf7 55.c5 dxc5 56.a5 c4 57.a6 Bd4 0-1

[Event "Êîìàíäíîå ïåð-âî ÐÔ 2012 ã. ïî êëàññè÷åñêèì øàõìàòàì "]
[Site "Ðûáèíñê"]
[Date "2012.08.09"]
[Round "8.33"]
[White "Îðåõîâ Íèêîëàé "]
[Black "Äîíñêîâ Àíàòîëèé"]
[Result "0-1"]
[WhiteElo "2085"]
[BlackElo "1189"]
[Annotator ""]
[Source ""]
[Remark ""]

1.Nf3 d5 2.d4 c6 3.c4 e6 4.e3 Bd6 5.Bd3 f5 6.O-O Nf6 7.b3 Qe7
8.Bb2 O-O 9.Qc1 b6 10.Ba3 Bb7 11.Bxd6 Qxd6 12.Qb2 Nbd7 13.Nc3
Ne4 14.Ne2 Rae8 15.Rfd1 Qe7 16.Rac1 g5 17.Ne5 Nxe5 18.dxe5 Nc5
19.Bb1 Rf7 20.f4 Rg7 21.cxd5 cxd5 22.b4 Ne4 23.Bxe4 dxe4 24.fxg5
Qxg5 25.Nf4 Bd5 26.Qe2 Rd8 27.Rd4 Rgd7 28.Rcd1 Qg7 29.Nxd5 Rxd5
30.Rxd5 Rxd5 31.Rxd5 exd5 32.Qb2 Qe7 33.Qd4 Qd7 34.Qc3 Kf7 35.b5
Ke6 36.a4 h5 37.h4 Qe7 38.Qc6+ Kxe5 39.Qc3+ Ke6 40.Qc6+ Qd6 41.Qe8+
Kf6 42.Qxh5 Qg3 43.Qh6+ Ke7 44.Qh7+ Kd6 45.Qh6+ Kc5 46.Qf8+ Kc4
47.Qxf5 Qxe3+ 48.Kh2 d4 49.Qf7+ Kc3 50.Qf6 Qd3 51.Qc6+ Kd2 52.Qh6+
e3 53.h5 Qf5 54.Qg6 Qf4+ 0-1

[Event "Êîìàíäíîå ïåð-âî ÐÔ 2012 ã. ïî êëàññè÷åñêèì øàõìàòàì "]
[Site "Ðûáèíñê"]
[Date "2012.08.09"]
[Round "8.34"]
[White "Àíäðååâà Þëèÿ "]
[Black "Ïàâëîâà Íàòàëüÿ "]
[Result "1-0"]
[WhiteElo "1928"]
[BlackElo "1726"]
[Annotator ""]
[Source ""]
[Remark ""]

1.d4 Nf6 2.c4 e5 3.dxe5 Ng4 4.Bf4 Nc6 5.Nf3 Bb4+ 6.Nbd2 Qe7 7.e3
Ncxe5 8.Nxe5 Nxe5 9.Be2 O-O 10.O-O a5 11.Nb3 a4 12.Nd4 d6 13.Nc2
Bc5 14.b4 axb3 15.axb3 Bf5 16.Nd4 Bg6 17.Nb5 Bb4 18.Bg3 Nc6 19.Bf3
f6 20.Nd4 Be4 21.Be2 Bc3 22.Ra4 Rfe8 23.Nb5 Bb4 24.Qa1 Rxa4 25.Qxa4
Bc5 26.Nc3 f5 27.Kh1 Nb4 28.Qa1 Nc2 29.Qd1 Nb4 30.Qc1 Ra8 31.Na4
Ba7 32.Qc3 d5 33.c5 Nc6 34.f3 d4 35.Qc4+ Kh8 36.fxe4 Qxe4 37.exd4
Nxd4 38.Bd3 Qg4 39.Bxf5 1-0